Countries with a Muslim population higher than 45% - Statistics

General Stats
  • This quiz has been taken 44 times
  • The average score is 38 of 48
Answer Stats
% Answer % Correct
99.5% Iran
95%
99.1% Iraq
92%
98.3% Niger
92%
92.7% Saudi Arabia
92%
99.7% Somalia
92%
99.1% Yemen
92%
96.6% Libya
90%
85.9% Oman
90%
96.5% Pakistan
90%
90.7% Sudan
90%
93% Turkmenistan
90%
75% United Arab Emirates
90%
97.9% Algeria
87%
55.1% Chad
87%
95.3% Egypt
87%
89.4% Kyrgyzstan
87%
99.9% Morocco
87%
92.8% Syria
87%
97.1% Uzbekistan
87%
99.7% Afghanistan
85%
69.7% Bahrain
85%
65.2% Qatar
85%
96.4% Tajikistan
85%
97.1% Jordan
82%
72% kazakhstan
82%
99.5% Tunisia
82%
82.1% Albania
79%
97.3% Azerbaijan
79%
87% Indonesia
79%
70.7% Kuwait
79%
61.2% Lebanon
79%
94.6% Mali
79%
99.1% Mauritania
79%
96.6% Senegal
79%
46.5% Bosnia and Herzegovina
77%
96.9% Djibouti
74%
95.3% Gambia
72%
90.8% Bangladesh
69%
75.1% Brunei
69%
98.3% Comoros
69%
84.6% Guinea
69%
62.7% Burkina Faso
67%
98.4% Maldives
67%
78.5% Sierra Leone
67%
66.1% Malaysia
62%
0% Vatican CIty
49%
97.9% Palestine
28%
98% Türkiye
18%
No matching quizzes found
Score Distribution
Percent of People with Each Score
Percentile by Number Answered
Your Score History
You have not taken this quiz